000 00640nam a2200253Ia 4500
005 20250425161852.0
008 250425s9999 xx 000 0 und d
020 _a8423410218
041 _aspa
043 _asp
082 _a658.1554
100 _aRUMMLER, GEARY A.
245 0 _aCOMO MEJORAR EL RENDIMIENTO EN LA EMPRESA
250 _aS.E.
260 _aEspaƱa
_bEDICIONES DEUSTO S.A.
_c1950
260 _aMADRID
300 _a294
650 _aDESARROLLO EMPRESARIAL
650 _aDIRECCION DE EMPRESAS
650 _aDIRECCIONAMIENTO ESTRATEGICO
710 _aEDICIONES DEUSTO S.A.
942 _c01
010 _a33009
999 _c217777
_d217777